000 00302nam a22001097a 4500
003 OSt
008 250211b |||||||| |||| 00| 0 eng d
041 _aeng
245 _aCode of Practice for General Construction in Steel
_bIS 800
260 _c1984.
_aNew Delhi:
_bIndian Standard Institution,
942 _cBK
999 _c19349
_d19349